| 000 | 00446nam a2200193Ia 4500 | ||
|---|---|---|---|
| 005 | 20240823015259.0 | ||
| 008 | 240823s9999||||xx |||||||||||||| ||und|| | ||
| 041 | _aENGLISH | ||
| 082 | _A621 P2 | ||
| 100 | _aAnil K Berwal | ||
| 245 | 0 | _aMechanical Engineering | |
| 250 | _a1st | ||
| 260 |
_c2002 _bDhanpat Rai & _aDelhi |
||
| 500 | _aYES | ||
| 650 |
_aMechanical _bMechanical |
||
| 700 | _a Rathore M M | ||
| 942 | _cBK | ||
| 999 |
_c172059 _d172059 |
||